000 00778cam a2200277 4500
001 M1497
008 090401t1994 xxu||||| |||| 00| 0 eng d
035 _a(Sirsi) u32389
041 _aeng
050 _a690.72
090 _aRICS 1994/36ABCD
110 _aRoyal Institution of Chartered Surveyors
_94900
245 _aCaring for your school.
260 _aLondon
_bRICS
_c1994
300 _a(4)p. ; 21cm.
350 _a0
520 _aPublicity leaflet.
650 _aCARING FOR YOUR SCHOOL
650 _aBUILT ENVIRONMENT-BUILDING MAINTENANCE AND REFURBISHMENT
650 _aProperty management
_96262
650 _aPUBLICITY LEAFLETS
650 _aSCHOOLS
690 _aBUILDING AND CONSTRUCTION-REPAIRS AND MAINTENANCE
942 _n0
948 _c04/03/1997
999 _c89731
_d89731